Hijo del salitre
Guardat en:
| Autor principal: | |
|---|---|
| Format: | Llibre |
| Idioma: | espanyol |
| Publicat: |
Santiago
Lom
1995
|
| Edició: | 1a. ed |
| Col·lecció: | Colección Clásicos de la Novela Social Chilena
|
| Matèries: | |
| Etiquetes: |
Afegir etiqueta
Sense etiquetes, Sigues el primer a etiquetar aquest registre!
|
MARC
| LEADER | 00000nam a2200000 a 4500 | ||
|---|---|---|---|
| 001 | UCM5683 | ||
| 003 | CL-VaPUC | ||
| 008 | 021018e19950000CL |||||||||||||||||spa|d | ||
| 020 | |a 9567369208 | ||
| 082 | 0 | 4 | |a Ch863 |b TEI |2 21 |
| 100 | 0 | |a Teitelboim, Volodia |e author |9 406422 | |
| 245 | 1 | 0 | |a Hijo del salitre |
| 250 | |a 1a. ed | ||
| 300 | |a 368 p | ||
| 942 | |c BK | ||
| 945 | |d 20021018 00:00:00 |a vberengu | ||
| 260 | |a Santiago |b Lom |c 1995 | ||
| 650 | 0 | |a Novelas chilenas |9 265425 | |
| 650 | 0 | |a Literatura chilena |9 308278 | |
| 583 | |a last modification |c 20021018 00:00:00 |k Rodrigo Vera | ||
| 490 | 0 | |a Colección Clásicos de la Novela Social Chilena | |
| 999 | |c 301543 |d 301541 | ||
| 952 | |0 0 |1 0 |4 0 |6 CH_863_000000000000000_TEI_1995 |7 0 |8 A |9 360627 |a BIBEDU |b BIBEDU |d 2019-11-21 |i 3847772 |l 1 |m 2 |o Ch863 TEI 1995 |p 3847772 |r 2023-06-28 |s 2023-06-12 |w 2019-11-21 |y BK |k LIT | ||
| 952 | |0 0 |1 0 |4 0 |6 CH_863_000000000000000_TEI_1995 |7 0 |8 X |9 360628 |a FDOBUD |b FDOBUD |d 2019-11-21 |i 4596293 |o Ch863 TEI 1995 |p 4596293 |r 2019-11-21 |w 2019-11-21 |y BK_X |k BUD | ||